Zawiya (Record no. 609249)
[ view plain ]
| 000 -LEADER | |
|---|---|
| fixed length control field | 00341nam a22001337a 4500 |
| 020 ## - INTERNATIONAL STANDARD BOOK NUMBER | |
| International Standard Book Number | 9789693515879,9789693515878,9789693518856 |
| 040 ## - CATALOGING SOURCE | |
| Transcribing agency | nust |
| 082 ## - DEWEY DECIMAL CLASSIFICATION NUMBER | |
| Classification number | 891.4393 |
| Author Mark | ASH |
| 100 ## - MAIN ENTRY--PERSONAL NAME | |
| Personal name | Ahmed, Ashfaq |
| 9 (RLIN) | 19450 |
| 245 ## - TITLE STATEMENT | |
| Title | Zawiya |
| 260 ## - PUBLICATION, DISTRIBUTION, ETC. | |
| Place of publication, distribution, etc. | Pakistan: |
| Name of publisher, distributor, etc. | Sang- e- Meel Publishers, |
| Date of publication, distribution, etc. | 2018. |
| 650 ## - SUBJECT ADDED ENTRY--TOPICAL TERM | |
| Topical term or geographic name entry element | Zawiya |
| 9 (RLIN) | 122831 |
| 942 ## - ADDED ENTRY ELEMENTS (KOHA) | |
| Source of classification or shelving scheme | |
| Koha item type | Book |
| Withdrawn status | Lost status | Source of classification or shelving scheme | Damaged status | Not for loan | Permanent Location | Current Location | Shelving location | Date acquired | Total Checkouts | Full call number | Barcode | Date last seen | Price effective from | Koha item type | Shelving control number | Public note |
|---|---|---|---|---|---|---|---|---|---|---|---|---|---|---|---|---|
| College of Electrical & Mechanical Engineering (CEME) | College of Electrical & Mechanical Engineering (CEME) | General Stacks | 05/22/2024 | 891.4393 ASH | CEME- 50141 | 05/22/2024 | 05/22/2024 | Book | ||||||||
| College of Electrical & Mechanical Engineering (CEME) | College of Electrical & Mechanical Engineering (CEME) | Fiction | 10/23/2025 | 891.4393 ASH | CEME- 39624 | 10/23/2025 | 10/23/2025 | Book | Urdu Literature | 1.0 | ||||||
| College of Electrical & Mechanical Engineering (CEME) | College of Electrical & Mechanical Engineering (CEME) | Fiction | 10/23/2025 | 891.4393 ASH | CEME- 47068 | 10/23/2025 | 10/23/2025 | Book | Urdu Literature | 1.0 | ||||||
| College of Electrical & Mechanical Engineering (CEME) | College of Electrical & Mechanical Engineering (CEME) | General Stacks | 10/23/2025 | 891.4393 ASH | CEME- 47066 | 10/23/2025 | 10/23/2025 | Book |
